000 00514nam a22001817a 4500
003 LK-CoDNM
005 20250123134501.0
008 250123b |||||||| |||| 00| 0 eng d
040 _aLK-CoDNM
_dLK-CoDNM
_eLK-CoDNM
041 _aeng
080 _a13
_bE20
100 _aA collective work
245 _aEvolution in the Light of Modern Knowledge
260 _aOld Bailey, London, Glasgow, Bombay
_bBlackie and Son Limited
_c1925
300 _axiv, 517p. : ill ; 22 cm
650 _aScience
942 _cBK
999 _c237335
_d237335